000 00480nam a2200157Ia 4500
008 210716s2002 xx 000 0 und d
020 _a8126502525
041 _aeng
082 _a153.94 BOBJ
100 _aBobrow, Jerry.
245 _aGmat cat: Computer adaptive graduate management admission test.
_bComputer adaptive graduate management admission test.
250 _a8
260 _aNew Delhi
_bIDG Books India (P) Ltd
_c2002
300 _axii,432
650 _aAptitude Test
999 _c184818
_d184818